| 000 | 00712nam a2200229 a 4500 | ||
|---|---|---|---|
| 008 | |||
| 020 | _a9783527324972 (hbk.) | ||
| 049 | _aMAIN | ||
| 090 |
_aTP155.2 _bHAN |
||
| 245 | 1 | 0 |
_aHandbook of green chemistry : _bvolume 1- homogeneous catalysis / _cedited by Robert H. Crabtree. |
| 260 |
_aWeinheim : _bWiley-Vch Verlag GmbH Co.; _c2009. |
||
| 300 |
_axvii, 414 p. _bill. ; _c25 cm. |
||
| 490 |
_aGreen catalysis; _vno 1 |
||
| 500 | _aIncludes index. | ||
| 650 | 1 | _aHomogeneous catalysis. | |
| 700 | _aCrabtree, Robert H. | ||
| 907 |
_a.b10292524 _b10-08-12 _c01-03-11 |
||
| 003 | |||
| 005 | 20230123125354.0 | ||
| 040 | _cNUST | ||
| 942 |
_cBOOKS _kTP155.2 _mHAN |
||
| 999 |
_c140394 _d140394 |
||